000 00294nam a2200133Ia 4500
008 190216s9999||||xx |||||||||||||| ||und||
100 _aRamsey A S
245 0 _aDynamics Part 2
250 _a4th Ed.
260 _bEnglish Uty Press
_c1972
300 _a344
650 _aPhysics
942 _cBK
999 _c32838
_d32838